Football Teams Patrick Vieira Played For - Statistics

General Stats
  • This quiz has been taken 61 times
  • The average score is 5 of 6
Answer Stats
League Years Team % Correct
England 1996-2005 Arsenal FC
98%
Italy 2005-2006 Juventus FC
94%
Italy 2006-2010 Inter
92%
Italy 1995-1996 AC Milan
84%
England 2010-2011 Manchester City
78%
France 1993-1995 AS Cannes
20%
No matching quizzes found
Score Distribution
Percent of People with Each Score
Percentile by Number Answered
Your Score History
You have not taken this quiz